000
00309nam a22001337a 4500
008
170301b xxu||||| |||| 00| 0 eng d
020
_a
9780340586068
041
_a
eng
080
_a
616.8-006
100
_a
6
101
_a
SHM
245
_a
HISTOLOGICAL DIAGNOSIS OF TUMORS
_c
ALNAFUSSI, A.I
942
_2
udc
_c
BK
999
_c
6474
_d
6474